Największe europejskie miasta na literę R - Quiz z mapą - Statystyki

Ogólne statystyki
  • Ten quiz został rozwiązany 109 razy
  • Średni wynik to 10 z 20
Odpowiedzi na mapie
Odpowiedzi zakodowano w zielono-czerwonej skali na mapie do tego quizu, zgodnie z poniższymi procentami.
 
Statystyki odpowiedzi
Liczba
Ludności
Kraj Miasto % Poprawnych
2825661 Włochy Rzym
96%
197268 Polska Rzeszów
94%
196005 Polska Radom
91%
664311 Holandia Rotterdam
89%
605802 Łotwa Ryga
89%
139875 Islandia Reykjavik
72%
1137904 Rosja Rostów nad Donem
63%
209920 Niemcy Rostock
57%
132766 Polska Ruda Śląska
56%
221898 Francja Rennes
50%
148688 Włochy Rimini
44%
180318 Francja Reims
40%
245272 Ukraina Równe
38%
159465 Niemcy Ratyzbona
32%
170951 Włochy Rawenna
30%
203795 Wielka Brytania Reading
28%
539290 Rosja Riazań
24%
141474 Bułgaria Ruse
18%
169575 Włochy Reggio nell'Emilia
11%
184635 Rosja Rybińsk
7%
Nie znaleziono quizów pasujących do podanych kryteriów
Rozkład punktacji
Procent ludzi z każdym wynikiem
Percentyl według liczby udzielonych odpowiedzi
Twoja historia wyników
Nie rozwiązałeś tego quizu